000 003180000a22001330004500
041 0 _aSPA
082 0 4 _aG 863 A655a
100 1 _aApuleyo Mendoza, Plinio (1932-)
245 1 0 _aAños de fuga / Plinio Apuleyo Mendoza
260 _aBogotá, Colombia : Plaza y Janés
300 _a366 Pag
001 11016
942 _cBK
999 _c40389
_d40389